000 01332nam0a2200337 4500
001 RU\NLR\bibl\1721
005 20260406140218.0
010 _a5-7027-0565-3
_95000
021 _aRU
_b98-5
_91
035 _a(NLR Aleph) 000001623
090 _a2634
_c2634
100 _a19980615d1998 |||y0rusy50 ca
101 1 _arus
_cger
102 _aRU
105 _a|||||||||||||
200 1 _aНаполеон
_dNapoleon
_e[Биография]
_fЭмиль Людвиг
_g[Пер. с нем. Е.М. Михелевич]
_zger
210 _aМ.
_cЗахаров
_cВагриус
_d1998
215 _a591 с., [17] л. ил., портр.
_d22
300 _aАвт. также на англ. яз.: Emil Ludwig
320 _aСписок работ авт. на 3-й с. суперобл.
510 0 _aNapoleon
_zeng
600 0 _aНаполеон
_cимператор французский
_dI
_f1769 - 1821
_9897604
_3RU\NLR\auth\66325834
686 _aТ3(4Фр)512-8
700 1 _4070
_8rus
_7ca
_aЛюдвиг
_bЭ.
_f1881-1948
_gЭмиль
_3RU\NLR\AUTH\772916
_9112923
702 0 _4570
_8rus
_7ca
_aНаполеон
_cимператор французский
_dI
_f1769-1821
_3RU\NLR\AUTH\772913
_9112920
801 0 _aRU
_bNLR
_c19980615
_gPSBO
801 1 _aRU
_bNLR
_c19980615
852 _aNLR
_j98-5/264
942 _cBOOK
980 _aNB